02582cam a22003858i 4500999001700000001000900017003000900026005001700035008004100052020002500093040004100118082002400159100004900183245013300232250002000365264009500385300002700480336002600507337002800533338002700561500015200588500002500740504005100765505039300816520053901209650004801748650002901796650003401825653002501859655002401884700004801908906004501956942001202001952018302013 c28098d2806920785526EG-ScBUE20200215120935.0181210s2019 enk f b 001 0 eng d a9780367174583 (pbk.) aLBSOR/DLCbengerdacLBSORdEG-ScBUE00a808.066378bKOR2221 aKornuta, Halyna M.q(Halyna Maria),eauthor.12aA concise guide to writing a thesis or dissertation :beducational research and beyond /cHalyna M. Kornuta and Ron W. Germaine. aSecond edition. 1aMilton Park, Abingdon, Oxon ;aNew York, NY :bRoutledge, Taylor and Francis Group,c2019. axv, 117 pages ;c20 cm atext2rdacontentbtxt aunmediated2rdamediabn avolume2rdacarrierbnc aRevised edition of: Research in education : a student and faculty guide to writing a research study. 1st ed. Bloomington, IN : Author House, c2006. aIncludes appendices. aIncludes bibliographical references and index.0 aIntroduction -- Review of the literature -- Methodology -- Findings and analysis -- Summary, discussion of findings and conclusions, and recommendations -- References -- Appendix A. Rubric for evaluating writing -- Appendix B. APA skill building exercises -- Appendix C. Examples of purpose statements -- Appendix D. Research planning organizer -- Appendix E. Guide for scholarly writing. a"A Concise Guide to Writing a Thesis or Dissertation provides clear, concise, and intentional practice guidelines about organizing and writing a thesis or dissertation. Part I provides an overview for writing a thesis or dissertation. It describes the big picture of planning and formatting a research study, from identifying a topic through to writing quality. Part II describes the framework and substance of a research study. It models the pattern generally found in a formal, five-chapter research study"--cProvided by publisher. 7aDissertations, AcademicxAuthorship.2BUEsh 7aAcademic writing.2BUEsh 7aResearchxMethodology.2BUEsh bCOMAMEcFebruary2020 vReading book9342321 aGermaine, Ron W.q(Ronald Wesley),eauthor. a7bcbccorignewd1eecipf20gy-gencatlg 2ddccBB 00102ddc40708AlahramaMAINbMAINc2NDd2020-02-15ePurchaseg300.00h487l2m4o808.066378 KORp000048668q2026-05-16r2026-04-30 00:00:00s2026-04-30v375.00w2020-02-15yBB